000 02306nam a2200397 i 4500
001 000029824
003 DO-SdBPM
005 20241212104842.0
007 ta
008 110426s2011 dr g 001 0 spa d
020 _a9789945469356
040 _aDO-SdBPM
_bspa
_cBPMSU
_erda
082 4 _a306.97293
_bT266v 2011
_222
100 1 _aTejeda Ortiz, Dagoberto,
_d1940-
_eautor
245 1 0 _aVida cotidiana del Santo Domingo colonial /
_cDagoberto Tejeda Ortiz.
264 1 _aSanto Domingo :
_bEditora Nacional,
_c2011.
300 _a194 páginas ;
_a24 cm.
336 _2rdacontent
_atexto
_btxt
337 _2rdamedia
_asin mediación
_bn
338 _2rdacarrier
_avolumen
_bnc
490 0 _aPensamiento dominicano
500 _aIncluye datos biográficos del autor en la solapa de la cubierta.
504 _aBibliografía : p. 191-194.
504 _aIncluye bibliografía y notas al pie de páginas.
505 0 _gPresentación --
_tSanto Domingo Colonial, Ciudad primada de América, Patrimonio Cultural de la Humanidad --
_tSanto Domingo: Ciudad primada de América --
_tParafernalia y folklore de las festividades religiosas y los desfiles político-militares --
_tEl carnaval de Santo Domingo colonial --
_tEl folklore de las actividades lúdicos recreativas --
_tLas cofradías como centros de festividades y del folklore --
_tEl folklore, religiosidad y la cruz en la simbolización --
_tEl folklore religioso de las creencias y la fe --
_tEl folklore de la ética y de las manifestaciones morales --
_tEl folklore y la cultura africana en el Santo Domingo colonial --
_tEl folklore de los relatos, las leyendas y las tradiciones --
_tEl folklore del teatro, de la literatura y de la poesía popular --
_gBibliografía.
590 _aInventariado, 2024/VM
650 4 _aCultura popular
_xHistoria
_zRepública Dominicana
_ySiglos XVII-XVIII
650 4 _aFolclor
_zRepública Dominicana
650 4 _aEspectáculos populares
_xAspectos religiosos
651 4 _aSanto Domingo (República Dominicana)
_xVida social y costumbres
_ySiglos XVII-XVIII
651 0 _aRepública Dominicana
_xHistoria
_yColonia, 1503-1844
651 4 _aRepública Dominicana
_xCondiciones Sociales
710 2 _aMinisterio de Cultura (República Dominicana)
910 _aVMateo V. Control de calidad. BPMSU
942 _2ddc
_cBK
999 _c14740
_d14740